000 00510nam a2200169Ia 4500
003 SGT
020 _a9788180545283
082 _a519.5
_bGUP
100 _aGupta,S.C
245 _aFundamentals of mathematical statistics
260 _bSultan Chand & Sons
_aNew Delhi
_c2011
300 _aVp.
650 _aMATHEMATICS
653 _aINTRODUCTION DESCRIPTIVE MEASURES, PROBABILITY-1,2, MATHEMATICAL EXPECTATION, ADDITIONAL TOPICS ON CORRELATION AND REGRESSION
700 _aKapoor,V.K
942 _2ddc
_cBK
_05
999 _c5280
_d5280